| 000 | 00721nam a2200193 i 4500 | ||
|---|---|---|---|
| 001 | 165607 | ||
| 003 | ES-MaACL | ||
| 005 | 20230906213155.0 | ||
| 008 | 981125s1855 fr |||| | fre d | ||
| 100 | 1 |
_aSotos Ochando, Bonifacio. _9107547 |
|
| 245 | 1 | 0 |
_aProjet d'une langue universelle / _cpar M. L'Abbé Bonifacio Sotos Ochando ; traduit de l'espagnol par M. L'Abbé A. M. Touzé. |
| 260 |
_aParis : _bLibrairie de Jacques Lecoffre et Cie., _c1855 ( _fImp. par E. Thunot et Cie.) |
||
| 300 |
_aXVI, 270 p. [1] h. pleg. ; _c23 cm. |
||
| 596 | _aMarca del ed. en port. | ||
| 597 | _aAntep. | ||
| 650 | 4 |
_aLenguas artificiales. _9136381 |
|
| 700 | 1 |
_aTouzé, A. M. _9133363 |
|
| 852 |
_aES-MaACL _jB-1954 _z- Enc. hol. |
||
| 999 |
_c165607 _d165607 |
||